Sports Quiz

Random Sports or MLB Quiz

MLB 2016: Offensive Leaders (5 Categories) By Position Quiz Stats

Quiz not verified by Sporcle

Challenge
Share
Tweet
Embed
Score 0/8 Timer 00:30
0 Plays Today
Position Player % Correct
CBuster Posey
100%
3BNolan Arenado
95.5%
3BJosh Donaldson
95.5%
SSCorey Seager
92.1%
OFMookie Betts
86.5%
DHDavid Ortiz
80.9%
SSJonathan Villar
70.8%
DHEdwin Encarnacion
64%

You're not logged in!

Compare scores with friends on all Sporcle quizzes.
Sign Up with Email
OR
Log In

You Might Also Like...

Show Comments

Extras

Top Quizzes Today


Score Distribution

Your Account Isn't Verified!

In order to create a playlist on Sporcle, you need to verify the email address you used during registration. Go to your Sporcle Settings to finish the process.